The Journal (Record no. 118868)

MARC details
000 -LEADER
fixed length control field 00869cas a2200253 a 4500
001 - CONTROL NUMBER
control field ##E135499
008 - FIXED-LENGTH DATA ELEMENTS--GENERAL INFORMATION
fixed length control field 060626n2006 xxkbr p a eng u
022 1# - INTERNATIONAL STANDARD SERIAL NUMBER
International Standard Serial Number 1754-9132 (Print)
022 1# - INTERNATIONAL STANDARD SERIAL NUMBER
International Standard Serial Number 1754-9140 (Online)
035 ## - SYSTEM CONTROL NUMBER
System control number (Sirsi) u135499
041 0# - LANGUAGE CODE
Language code of text/sound track or separate title eng
110 2# - MAIN ENTRY--CORPORATE NAME
Corporate name or jurisdiction name as entry element Royal Institution of Chartered Surveyors
Subordinate unit Commercial Property Faculty
9 (RLIN) 4355
240 00 - UNIFORM TITLE
Uniform title RICS Commercial Property Journal
245 04 - TITLE STATEMENT
Title The Journal
Remainder of title RICS Commercial Property
260 ## - PUBLICATION, DISTRIBUTION, ETC.
Place of publication, distribution, etc. London
Name of publisher, distributor, etc. RICS
Date of publication, distribution, etc. 2006-
362 0# - DATES OF PUBLICATION AND/OR SEQUENTIAL DESIGNATION
Dates of publication and/or sequential designation London: 1(1) September 2006-
362 0# - DATES OF PUBLICATION AND/OR SEQUENTIAL DESIGNATION
Dates of publication and/or sequential designation Edinburgh: 1(1) September 2006-
554 ## -
-- Six per year
651 #4 - SUBJECT ADDED ENTRY--GEOGRAPHIC NAME
Geographic name United Kingdom
Chronological subdivision
690 ## - LOCAL SUBJECT ADDED ENTRY--TOPICAL TERM (OCLC, RLIN)
Topical term or geographic name as entry element PROPERTY-COMMERCIAL PROPERTY
780 00 - PRECEDING ENTRY
Title Commercial Property Faculty Newsletter
856 41 - ELECTRONIC LOCATION AND ACCESS
Uniform Resource Identifier <a href="https://www.rics.org/commercialpropertyjournal">https://www.rics.org/commercialpropertyjournal</a>
Public note View the journal free of charge at www.rics.org
942 ## - ADDED ENTRY ELEMENTS (KOHA)
Suppress in OPAC 0
Holdings
Withdrawn status Lost status Source of classification or shelving scheme Damaged status Not for loan Home library Current library Shelving location Date acquired Total Checkouts Full call number Barcode Date last seen Price effective from Koha item type
    Dewey Decimal Classification     London London Gallery 26/04/2007   RICS COMMERCIAL PROPERTY JOURNAL 135499-2001 06/08/2019 06/08/2019 Journal